| 000 -LEADER |
| fixed length control field |
01337cam a2200301 i 4500 |
| 001 - CONTROL NUMBER |
| control field |
003024621 |
| 003 - CONTROL NUMBER IDENTIFIER |
| control field |
GE_BSU |
| 005 - DATE AND TIME OF LATEST TRANSACTION |
| control field |
20190423154603.0 |
| 008 - FIXED-LENGTH DATA ELEMENTS--GENERAL INFORMATION |
| fixed length control field |
070206s2007 ru r 000 u rus d |
| 020 ## - INTERNATIONAL STANDARD BOOK NUMBER |
| International Standard Book Number |
9785482014004 |
| 020 ## - INTERNATIONAL STANDARD BOOK NUMBER |
| International Standard Book Number |
5482014002 |
| 040 ## - CATALOGING SOURCE |
| Original cataloging agency |
RuMoRKP |
| Language of cataloging |
rus |
| Description conventions |
rcr |
| Modifying agency |
RuMoRGB |
| 041 0# - LANGUAGE CODE |
| Language code of text/sound track or separate title |
rus |
| 080 ## - UNIVERSAL DECIMAL CLASSIFICATION NUMBER |
| Universal Decimal Classification number |
341(075.8) |
| 084 ## - OTHER CLASSIFICATION NUMBER |
| Classification number |
Х91я73-1 |
| Number source |
rubbk |
| 100 1# - MAIN ENTRY--PERSONAL NAME |
| Personal name |
Шумилов, Владимир Михайлович |
| 9 (RLIN) |
424 |
| 245 00 - TITLE STATEMENT |
| Title |
Международное право : |
| Remainder of title |
учебник |
| Statement of responsibility, etc. |
В. М. Шумилов |
| 260 ## - PUBLICATION, DISTRIBUTION, ETC. |
| Place of publication, distribution, etc. |
Москва |
| Name of publisher, distributor, etc. |
Велби |
| Date of publication, distribution, etc. |
2007 |
| 300 ## - PHYSICAL DESCRIPTION |
| Extent |
485, [1] с. |
| Dimensions |
21 см. |
| 504 ## - BIBLIOGRAPHY, ETC. NOTE |
| Bibliography, etc. note |
Библиогр.: с. 455-482 и в конце гл. |
| 650 #7 - SUBJECT ADDED ENTRY--TOPICAL TERM |
| Topical term or geographic name entry element |
Государство и право. Юридические науки -- Международное публичное право -- Учебник для высшей школы |
| Source of heading or term |
rubbk |
| 9 (RLIN) |
425 |
| 653 ## - INDEX TERM--UNCONTROLLED |
| keyword |
სამართალი |
| 653 ## - INDEX TERM--UNCONTROLLED |
| keyword |
საერთაშორისო სამართალი |
| 852 ## - LOCATION |
| Former shelving location |
70 |
| 852 ## - LOCATION |
| Former shelving location |
90 |
| 852 ## - LOCATION |
| Former shelving location |
90 |
| 942 ## - ADDED ENTRY ELEMENTS (KOHA) |
| Source of classification or shelving scheme |
|
| Koha item type |
წიგნი |